Akcelerácia rastu indickej ekonomiky prostredníctvom finančných reforiem diplomová práca

Na minha lista:
Detalhes bibliográficos
Autor principal: Šípoš, Gábor
Autor Corporativo: Obchodná fakulta EU. Katedra medzinárodného obchodu
Outros Autores: Verček, Peter
Formato: Livro
Idioma:eslovaco
Publicado em: Bratislava 2009
Tags: Adicionar Tag
Sem tags, seja o primeiro a adicionar uma tag!

MARC

LEADER 00000nam$a2200000$$$4500
001 0101075
005 20240318133604.8
041 0 |a slo 
044 |a SK 
245 1 0 |a Akcelerácia rastu indickej ekonomiky prostredníctvom finančných reforiem  |b diplomová práca  |c Gábor Šípoš ; škol. Peter Verček 
264 1 |a Bratislava  |c 2009 
300 |a 88 s. 
100 1 |a Šípoš, Gábor 
700 1 |a Verček, Peter 
710 2 |a Obchodná fakulta EU. Katedra medzinárodného obchodu